00889nam a2200241Ia 450000500170000000800410001702000150005808200170007310000200009024500980011025000180020830000260022649000300025253400280028260000880031065000470039870000430044526400360048833600270052433700330055133800280058404000350061220220317000655.0160601s2003 sp g 000 0 spa  a843230989304a921.3 bN32s1 aStrathern, Paul10aNietzsche (1844-1900) en 90 minutos cPaul Strathern ; traducción José A. Padilla Villate a2a edición  a86 páginas c18 cm  aFilósofos en 90 minutos tNietzsche in 90 minutes14aNietzsche, Friedrich Wilhelm, 1844-1900;14d1844-1900xCrítica e interpretación142LEMBaFilósofos alemanes vBiografías 1 aPadilla Villate, José A.etraductor  aMadrid bSiglo Veintiuno c2003 atextobtxt2rdacontent asin mediaciónbn2rdamedia avolumenbnc2rdacarrier aCO-BoRNBPbspaerdacCO-BoRNBP